Harnessing knowledge dynamics : principled organizational knowing & learning

Main Author: Nissen, Mark E.
Published: Hershey PA: IRM Press, 2006.
Subjects:
LEADER 00660cam a2200193 7i4500
001 0000050492
005 20140702090000.0
020 # 0 |a 1591407753 (ebook)  
020 # 0 |a 1591407737 (hbk.)  
020 # 0 |a 1591407745 (pbk.)  
090 0 0 |a HD 30.2   |b N5 
100 1 # |a Nissen, Mark E.  
245 1 0 |a Harnessing knowledge dynamics :   |b principled organizational knowing & learning   |c Mark E. Nissen. 
260 # # |a Hershey PA:   |b IRM Press,   |c 2006. 
300 # # |a xix, 278 p.:   |b ill.;   |c 27 cm.. 
590 # # |a Pusat Pengajian Pembangunan Sosial dan Ekonomi 
650 0 0 |a Knowledge management  
650 0 0 |a Organizational learning  
999 |a 1100042624  |b Book  |c Open Shelf  |e KOLEKSI TERBUKA